[Event "Kort Paaske 1 Gruppe 2 2013"]
[Site "Elsinore"]
[Date "2013.03.23"]
[Round "1"]
[White "Ananthan, Arunn"]
[Black "Mosgaard Knudsen, Martin"]
[Result "1-0"]
[WhiteElo "1716"]
[BlackElo "1672"]
[PlyCount "55"]
[EventDate "2013.??.??"]
[EventType "swiss"]
[EventRounds "5"]
[EventCountry "DEN"]

1. e4 c5 2. Nf3 d6 3. Bb5+ Bd7 4. Bxd7+ Nxd7 5. O-O g6 6. c3 Bg7 7. d4 Rc8 8.
Re1 e6 9. Bf4 Qc7 10. dxc5 e5 11. cxd6 Qb6 12. Bc1 Rc6 13. Qb3 Rxd6 14. Be3 Qa6
15. Na3 b6 16. Nb5 Rc6 17. Qd5 Ne7 18. Nd6+ Rxd6 19. Qxd6 h6 20. Red1 Qb7 21.
c4 Nc8 22. Qb4 Bf6 23. Rac1 Qxe4 24. Qb5 Qb7 25. c5 a6 26. c6 axb5 27. cxb7 Ne7
28. Rc8+ 1-0

[Event "Kort Paaske 1 Gruppe 2 2013"]
[Site "Elsinore"]
[Date "2013.03.23"]
[Round "1"]
[White "Eiholt, Bjarne"]
[Black "Rasmussen, Ole"]
[Result "1/2-1/2"]
[WhiteElo "1654"]
[BlackElo "1734"]
[PlyCount "100"]
[EventDate "2013.??.??"]
[EventType "swiss"]
[EventRounds "5"]
[EventCountry "DEN"]

1. d4 Nf6 2. c4 g6 3. Nc3 d6 4. Bf4 Bg7 5. h3 O-O 6. Nf3 c5 7. e3 Re8 8. Be2
Nbd7 9. O-O b6 10. Rc1 Bb7 11. a3 e5 12. Bh2 Rc8 13. Nb5 Qe7 14. dxe5 Nxe5 15.
Nxe5 dxe5 16. Qd6 Rcd8 17. Qxe7 Rxe7 18. Rfd1 Rxd1+ 19. Rxd1 a6 20. Rd8+ Re8
21. Rxe8+ Nxe8 22. Nc3 Bc6 23. Nd5 Bxd5 24. cxd5 a5 25. e4 Nd6 26. f3 f6 27.
Bg3 Bh6 28. Bf2 Bc1 29. b4 Bxa3 30. bxc5 Bxc5 31. Bxc5 bxc5 32. Bd1 Kf8 33. Kf2
f5 34. Ke3 Nc4+ 35. Kd3 Nb6 36. Bb3 Ke7 37. Kc3 f4 38. h4 Kd6 39. Kd3 Nd7 40.
Kc4 Nf6 41. Kb5 h6 42. Bc4 g5 43. hxg5 hxg5 44. Be2 g4 45. Kxa5 gxf3 46. gxf3
Nh5 47. Kb5 Ng3 48. Bd3 Nh1 49. Bf1 Nf2 50. Be2 Nh3 1/2-1/2

[Event "Kort Paaske 1 Gruppe 2 2013"]
[Site "Elsinore"]
[Date "2013.03.23"]
[Round "1"]
[White "Jensen, Torben Brieghel"]
[Black "Pedersen, Ole"]
[Result "1/2-1/2"]
[WhiteElo "1539"]
[BlackElo "1584"]
[PlyCount "130"]
[EventDate "2013.??.??"]
[EventType "swiss"]
[EventRounds "5"]
[EventCountry "DEN"]

1. e4 c5 2. Nf3 Nc6 3. d4 cxd4 4. Nxd4 Nf6 5. Nxc6 bxc6 6. Nc3 e5 7. Bc4 Bb4 8.
f3 d5 9. exd5 Bxc3+ 10. bxc3 cxd5 11. Bb3 O-O 12. O-O Qb6+ 13. Kh1 Bb7 14. Bg5
Qc6 15. Qd2 Nd7 16. Rad1 Nb6 17. Qe1 f6 18. Bh4 Nc4 19. Rd3 Kh8 20. Bf2 e4 21.
fxe4 dxe4 22. Rg3 Rfe8 23. Rg1 Nd6 24. Qe2 Nf5 25. Rh3 g6 26. Bd4 Nxd4 27. cxd4
Re7 28. d5 Qd6 29. c4 f5 30. Rc1 Rc8 31. Qb2+ Kg8 32. Qd4 Rec7 33. Rhc3 Rc5 34.
h3 R8c7 35. Kg1 Kf7 36. Kf2 Qf4+ 37. Kg1 Qd6 38. Qh8 h6 39. Qxh6 Bxd5 40. Qd2
Qb6 41. Kf1 Be6 42. g4 Rd7 43. Qf2 Qc6 44. Qe2 Qc7 45. Qe3 Qe5 46. gxf5 gxf5
47. Qg5 Qf6 48. Qxf6+ Kxf6 49. h4 Rdc7 50. Kf2 f4 51. Kg2 Kf5 52. h5 Kg5 53.
Re1 e3 54. Rd3 Kxh5 55. Rd4 Kg5 56. Kf3 Bg4+ 57. Ke4 Re7+ 58. Kd3 Rd7 59. Rg1
Rxd4+ 60. Kxd4 Rc7 61. c5 e2 62. Be6 e1=Q 63. Rxe1 Bxe6 64. Rxe6 f3 65. Ke3
Rxc5 1/2-1/2

[Event "Kort Paaske 1 Gruppe 2 2013"]
[Site "Elsinore"]
[Date "2013.03.23"]
[Round "1"]
[White "Jensen Lynch, Jonathan"]
[Black "Bonde Raad, Mads"]
[Result "0-1"]
[WhiteElo "1571"]
[BlackElo "1539"]
[PlyCount "110"]
[EventDate "2013.??.??"]
[EventType "swiss"]
[EventRounds "5"]
[EventCountry "DEN"]

1. e4 e6 2. Nf3 d5 3. e5 c5 4. d4 Qb6 5. a3 Bd7 6. Be2 cxd4 7. Nxd4 Bc5 8. c3
Nc6 9. b4 Bxd4 10. cxd4 Qxd4 11. Qxd4 Nxd4 12. Ra2 Ne7 13. g4 Ng6 14. f4 Rc8
15. O-O Nxe2+ 16. Rxe2 Bb5 17. Ref2 Bxf1 18. Rxf1 Ke7 19. Be3 b6 20. Bd2 Rc4
21. Nc3 a6 22. Na4 b5 23. Nc5 f6 24. exf6+ gxf6 25. h3 e5 26. fxe5 fxe5 27.
Bg5+ Ke8 28. Rf6 Nf4 29. Bxf4 exf4 30. Rxa6 Rf8 31. Ra7 f3 32. Ra8+ Ke7 33.
Ra7+ Ke8 34. Ra8+ Kf7 35. Rxf8+ Kxf8 36. Kf2 Ke7 37. g5 Rh4 38. Kg3 f2 39. Kxf2
Rxh3 40. a4 bxa4 41. Nxa4 Rb3 42. Nb6 Kd6 43. Nc8+ Ke5 44. Ne7 d4 45. Ke2 Ke4
46. g6 hxg6 47. Nxg6 Rb2+ 48. Kd1 Ke3 49. Ne5 Rg2 50. b5 d3 51. Nc4+ Kd4 52.
Na3 Kc5 53. Kc1 Kb4 54. b6 Kxa3 55. b7 Rb2 0-1

[Event "Kort Paaske 1 Gruppe 2 2013"]
[Site "Elsinore"]
[Date "2013.03.23"]
[Round "1"]
[White "Petersen, Albert Emil Lyng"]
[Black "Jensen, Simon Stibolt"]
[Result "1/2-1/2"]
[WhiteElo "1274"]
[BlackElo "1673"]
[PlyCount "104"]
[EventDate "2013.??.??"]
[EventType "swiss"]
[EventRounds "5"]
[EventCountry "DEN"]

1. e4 e5 2. Nf3 d6 3. Bc4 Be7 4. O-O Nf6 5. d3 Bg4 6. Be3 O-O 7. h3 Bh5 8. Nbd2
a5 9. c3 c6 10. Qb3 a4 11. Qxb7 Nbd7 12. Qxc6 Qa5 13. b4 Qd8 14. a3 Qb8 15. Bb5
Rc8 16. Bxa4 Rxc6 17. Bxc6 Ra6 18. b5 Ra5 19. Nc4 Ra4 20. Nb2 Ra5 21. Nc4 Rxb5
22. Bxb5 Qxb5 23. Rfb1 Qc6 24. a4 Nxe4 25. Ncxe5 dxe5 26. dxe4 Qg6 27. Nd2 Qa6
28. c4 h6 29. a5 Be2 30. c5 Bxc5 31. Bxc5 Nxc5 32. Rb6 Qa7 33. Nb3 Nxe4 34. a6
Kh7 35. Rb7 Qxf2+ 36. Kh1 Ng3+ 37. Kh2 Bf3 38. Rg1 Bxb7 39. axb7 Qb6 40. Na5
Nf5 41. Rd1 Qb2 42. Rd2 Qb6 43. Rd3 e4 44. Rb3 Qc7+ 45. Kg1 Qc1+ 46. Kh2 Qf4+
47. Kg1 Ne3 48. Rb2 Qf1+ 49. Kh2 Qf4+ 50. Kg1 Qf1+ 51. Kh2 Qf4+ 52. Kg1 Qf1+
1/2-1/2

[Event "Kort Paaske 1 Gruppe 2 2013"]
[Site "Elsinore"]
[Date "2013.03.24"]
[Round "2"]
[White "Bonde Raad, Mads"]
[Black "Ananthan, Arunn"]
[Result "1-0"]
[WhiteElo "1539"]
[BlackElo "1716"]
[PlyCount "85"]
[EventDate "2013.??.??"]
[EventType "swiss"]
[EventRounds "5"]
[EventCountry "DEN"]

1. e4 e6 2. d4 d5 3. exd5 exd5 4. Nf3 Nf6 5. Be2 Bd6 6. O-O O-O 7. Nc3 c6 8. h3
h6 9. Bd3 Qc7 10. Re1 Nbd7 11. Be3 Nb6 12. Ne5 Nbd7 13. Nf3 Nh5 14. Ne2 f5 15.
c4 Ndf6 16. c5 Bf4 17. Nxf4 Nxf4 18. Bxf4 Qxf4 19. Re5 Nh5 20. Be2 Bd7 21. Qe1
Rae8 22. g3 Qxd4 23. Nxd4 Rxe5 24. f4 Re4 25. Qc3 Nf6 26. Bf3 Re7 27. Re1 Rxe1+
28. Qxe1 Re8 29. Qb4 Bc8 30. Kg2 a6 31. Bd1 Kh7 32. Bc2 g6 33. Qb6 Kg8 34. b4
h5 35. Qc7 Ne4 36. Bxe4 fxe4 37. h4 e3 38. Ne2 d4 39. Nxd4 e2 40. Nc2 Bf5 41.
Ne1 Bc8 42. Kf2 b5 43. cxb6 1-0

[Event "Kort Paaske 1 Gruppe 2 2013"]
[Site "Elsinore"]
[Date "2013.03.24"]
[Round "2"]
[White "Rasmussen, Ole"]
[Black "Werner, Jakob"]
[Result "1/2-1/2"]
[WhiteElo "1734"]
[BlackElo "1621"]
[PlyCount "90"]
[EventDate "2013.??.??"]
[EventType "swiss"]
[EventRounds "5"]
[EventCountry "DEN"]

1. e4 c6 2. d4 d5 3. Nc3 dxe4 4. Nxe4 Bf5 5. Ng3 Bg6 6. h4 h6 7. Nf3 Nf6 8. h5
Bh7 9. Bd3 Bxd3 10. Qxd3 e6 11. Bf4 Nd5 12. Bd2 Bd6 13. Ne4 Bc7 14. g3 Nd7 15.
O-O-O Qe7 16. c4 N5f6 17. Nxf6+ Nxf6 18. Rh4 O-O-O 19. Bc3 Kb8 20. Qe2 Rhe8 21.
Ne5 Nd7 22. f4 Nxe5 23. fxe5 c5 24. Kb1 cxd4 25. Rhxd4 Rxd4 26. Bxd4 Qg5 27. g4
Rd8 28. Kc2 Qf4 29. Be3 Qe4+ 30. Kb3 Kc8 31. Rxd8+ Bxd8 32. Qd2 Qxe5 33. Qd4
Qxd4 34. Bxd4 a6 35. Bxg7 Bg5 36. Bd4 Kd7 37. Kc3 Kd6 38. Kd3 f5 39. gxf5 exf5
40. Ke2 Ke6 41. Kf3 Kd6 42. a4 Kc6 43. b4 Bd2 44. b5+ axb5 45. axb5+ Kd6
1/2-1/2

[Event "Kort Paaske 1 Gruppe 2 2013"]
[Site "Elsinore"]
[Date "2013.03.24"]
[Round "2"]
[White "Pedersen, Ole"]
[Black "Eiholt, Bjarne"]
[Result "0-1"]
[WhiteElo "1584"]
[BlackElo "1654"]
[PlyCount "34"]
[EventDate "2013.??.??"]
[EventType "swiss"]
[EventRounds "5"]
[EventCountry "DEN"]

1. c4 c6 2. Nc3 d5 3. cxd5 cxd5 4. d4 Bf5 5. Nf3 e6 6. a3 Nf6 7. g3 Be7 8. Bg2
O-O 9. O-O Nc6 10. e3 Rc8 11. Nh4 Bg4 12. Bf3 Bxf3 13. Nxf3 Na5 14. Nd2 Nc4 15.
b3 Nxe3 16. fxe3 Rxc3 17. Nc4 dxc4 0-1

[Event "Kort Paaske 1 Gruppe 2 2013"]
[Site "Elsinore"]
[Date "2013.03.24"]
[Round "2"]
[White "Jensen, Simon Stibolt"]
[Black "Jensen, Torben Brieghel"]
[Result "1-0"]
[WhiteElo "1673"]
[BlackElo "1539"]
[PlyCount "67"]
[EventDate "2013.??.??"]
[EventType "swiss"]
[EventRounds "5"]
[EventCountry "DEN"]

1. e4 e6 2. d4 d5 3. exd5 exd5 4. Bf4 Nf6 5. Nf3 Bd6 6. Bxd6 Qxd6 7. Bd3 O-O 8.
O-O Bg4 9. Nbd2 Nbd7 10. c3 c6 11. Qc2 Bh5 12. Rfe1 Rae8 13. Qb3 b5 14. a4 a6
15. axb5 axb5 16. Rxe8 Rxe8 17. Ra6 Bxf3 18. Nxf3 Qf4 19. Rxc6 Ne4 20. Qd1 Rb8
21. Ra6 g5 22. Bxe4 dxe4 23. Nd2 e3 24. fxe3 Qxe3+ 25. Kf1 Nb6 26. Qe2 Qf4+ 27.
Nf3 Nc4 28. Kg1 Qc1+ 29. Qf1 Qf4 30. Qe2 h5 31. Ra1 g4 32. Ne5 Re8 33. Rf1 Rxe5
34. dxe5 1-0

[Event "Kort Paaske 1 Gruppe 2 2013"]
[Site "Elsinore"]
[Date "2013.03.24"]
[Round "2"]
[White "Jensen, Vita"]
[Black "Jensen Lynch, Jonathan"]
[Result "0-1"]
[WhiteElo "1500"]
[BlackElo "1571"]
[PlyCount "66"]
[EventDate "2013.??.??"]
[EventType "swiss"]
[EventRounds "5"]
[EventCountry "DEN"]

1. e4 c5 2. d3 Nc6 3. Nc3 d6 4. Be2 g6 5. Nh3 Bxh3 6. gxh3 Bg7 7. Bg4 h5 8. Bf3
e6 9. Be3 Nd4 10. Bxd4 Bxd4 11. Qd2 Qb6 12. Rb1 Ne7 13. Rg1 Nc6 14. Na4 Qa6 15.
c3 Ne5 16. Bd1 Nxd3+ 17. Kf1 Nf4+ 18. Be2 Nxe2 19. Qxe2 Qxa4 20. cxd4 cxd4 21.
Rc1 Qd7 22. Kg2 O-O 23. f3 Rac8 24. Qf2 Qa4 25. Qh4 Rxc1 26. Rxc1 d3 27. Qf2 f5
28. Rg1 fxe4 29. Kh1 Kh7 30. Rg5 Qd1+ 31. Kg2 Rxf3 32. Qxf3 Qxf3+ 33. Kg1 d2
0-1

[Event "Kort Paaske 1 Gruppe 2 2013"]
[Site "Elsinore"]
[Date "2013.03.24"]
[Round "3"]
[White "Jensen Lynch, Jonathan"]
[Black "Pedersen, Ole"]
[Result "1-0"]
[WhiteElo "1571"]
[BlackElo "1584"]
[PlyCount "79"]
[EventDate "2013.??.??"]
[EventType "swiss"]
[EventRounds "5"]
[EventCountry "DEN"]

1. e4 c5 2. Nf3 d6 3. Nc3 Nc6 4. d4 cxd4 5. Nxd4 e5 6. Nb3 Nf6 7. Bg5 Be7 8.
Bxf6 Bxf6 9. Nd5 Be6 10. c4 Bxd5 11. cxd5 Nb8 12. Bb5+ Nd7 13. Nd2 O-O 14. b4
a6 15. Be2 Be7 16. Bg4 g6 17. Qf3 Rc8 18. h4 h5 19. Bxh5 gxh5 20. Qxh5 Nf6 21.
Qg5+ Kh8 22. Qh6+ Nh7 23. Nf3 Rg8 24. Ng5 Bxg5 25. hxg5 Rg7 26. Qh3 Rc4 27. Qd3
b5 28. a4 Qxg5 29. Ke2 Qg4+ 30. Qf3 Rxe4+ 31. Kf1 Qxf3 32. gxf3 Rxb4 33. axb5
Rxb5 34. Rd1 Kg8 35. Rh4 Nf6 36. f4 Rxd5 37. Rc1 Rg4 38. Rc8+ Kg7 39. Rhh8 Ng8
40. Rhxg8+ 1-0

[Event "Kort Paaske 1 Gruppe 2 2013"]
[Site "Elsinore"]
[Date "2013.03.24"]
[Round "3"]
[White "Jensen, Torben Brieghel"]
[Black "Rasmussen, Ole"]
[Result "0-1"]
[WhiteElo "1539"]
[BlackElo "1734"]
[PlyCount "96"]
[EventDate "2013.??.??"]
[EventType "swiss"]
[EventRounds "5"]
[EventCountry "DEN"]

1. e4 d6 2. d4 Nf6 3. Nc3 g6 4. Nf3 Bg7 5. Be2 c6 6. O-O O-O 7. h3 Qc7 8. Be3
b5 9. b4 a5 10. a3 Nbd7 11. Rb1 Bb7 12. Qd2 Rfc8 13. Bd3 Qb8 14. Bf4 Nh5 15.
Bh2 Qa7 16. Ne2 axb4 17. axb4 Qb6 18. e5 dxe5 19. Nxe5 Nxe5 20. dxe5 Bf8 21.
Nf4 Nxf4 22. Qxf4 e6 23. h4 Rd8 24. Be4 Qd4 25. h5 Qd2 26. Qg4 Qh6 27. Bf4 Qxh5
28. Qxh5 gxh5 29. g3 Be7 30. Kg2 Rd4 31. Bf3 h4 32. c3 Rd3 33. gxh4 Rxc3 34.
Bg5 Bf8 35. Rg1 Raa3 36. Be4 Rc4 37. f3 Bg7 38. Kh1 Kf8 39. Bxh7 Rxf3 40. Be7+
Kxe7 41. Rxg7 Rh3+ 42. Kg1 Rcxh4 43. Bg8 Rh1+ 44. Kf2 Rf4+ 45. Ke3 Rxb1 46.
Kxf4 Rf1+ 47. Ke3 Kf8 48. Rg2 c5 0-1

[Event "Kort Paaske 1 Gruppe 2 2013"]
[Site "Elsinore"]
[Date "2013.03.24"]
[Round "3"]
[White "Ananthan, Arunn"]
[Black "Jensen, Simon Stibolt"]
[Result "0-1"]
[WhiteElo "1716"]
[BlackElo "1673"]
[PlyCount "74"]
[EventDate "2013.??.??"]
[EventType "swiss"]
[EventRounds "5"]
[EventCountry "DEN"]

1. e4 e5 2. Nf3 d6 3. d4 exd4 4. Nxd4 Nc6 5. Be2 Be7 6. O-O Nxd4 7. Qxd4 Bf6 8.
Qd3 Ne7 9. Nc3 Nc6 10. Nd5 Ne5 11. Nxf6+ Qxf6 12. Qb5+ c6 13. Qb3 O-O 14. Qg3
Be6 15. Bg5 Qg6 16. f4 Qxe4 17. fxe5 Qxe2 18. Be7 Qxe5 19. Qxe5 dxe5 20. Bxf8
Kxf8 21. Rfe1 f6 22. Rad1 Ke7 23. Kf2 Rd8 24. Rxd8 Kxd8 25. g3 Ke7 26. a3 Bf5
27. c3 Bg6 28. b4 Bd3 29. a4 e4 30. Ke3 Ke6 31. Rc1 Kd5 32. b5 c5 33. c4+ Bxc4
34. Rd1+ Bd3 35. Rc1 c4 36. a5 Kc5 37. a6 b6 0-1

[Event "Kort Paaske 1 Gruppe 2 2013"]
[Site "Elsinore"]
[Date "2013.03.24"]
[Round "3"]
[White "Werner, Jakob"]
[Black "Bonde Raad, Mads"]
[Result "1/2-1/2"]
[WhiteElo "1621"]
[BlackElo "1539"]
[PlyCount "70"]
[EventDate "2013.??.??"]
[EventType "swiss"]
[EventRounds "5"]
[EventCountry "DEN"]

1. d4 Nf6 2. c4 e6 3. Nc3 Bb4 4. a3 Bxc3+ 5. bxc3 b6 6. Bg5 Ba6 7. e4 h6 8.
Bxf6 Qxf6 9. Nf3 c5 10. Bd3 Nc6 11. e5 Qd8 12. O-O Qc7 13. Qe2 Na5 14. Nd2 Qc6
15. Be4 Qc8 16. Bxa8 Qxa8 17. Qg4 Ke7 18. f4 Nxc4 19. Nxc4 Bxc4 20. Rf2 g6 21.
Qh4+ Ke8 22. g4 cxd4 23. cxd4 Qe4 24. Rc1 Ba6 25. Rfc2 Qxd4+ 26. Qf2 Qxf2+ 27.
Kxf2 Ke7 28. Rc7 Ra8 29. a4 Kd8 30. R7c3 Rc8 31. h4 Rxc3 32. Rxc3 Bb7 33. g5 h5
34. Ke3 Bc6 35. Rc4 Ke7 1/2-1/2

[Event "Kort Paaske 1 Gruppe 2 2013"]
[Site "Elsinore"]
[Date "2013.03.24"]
[Round "3"]
[White "Eiholt, Bjarne"]
[Black "Petersen, Albert Emil Lyng"]
[Result "1-0"]
[WhiteElo "1654"]
[BlackElo "1274"]
[PlyCount "93"]
[EventDate "2013.??.??"]
[EventType "swiss"]
[EventRounds "5"]
[EventCountry "DEN"]

1. d4 Nf6 2. c4 g6 3. Nc3 Bg7 4. Bf4 b6 5. Nf3 Bb7 6. e3 d6 7. h3 Nbd7 8. Be2
O-O 9. O-O Re8 10. Rc1 e5 11. Bh2 exd4 12. exd4 Rc8 13. Re1 d5 14. Nb5 c6 15.
Nd6 Ba8 16. Nxe8 Nxe8 17. cxd5 Bb7 18. dxc6 Rxc6 19. Bb5 Rxc1 20. Qxc1 Bxf3 21.
gxf3 Bxd4 22. Qd2 Ndf6 23. Bxe8 Bxf2+ 24. Qxf2 Nxe8 25. Qe3 Ng7 26. Bf4 Qh4 27.
Kh2 Ne6 28. Bg3 Qc4 29. Rc1 Qa6 30. Qc3 Qe2+ 31. Kg1 Nc5 32. Re1 Qb5 33. Qe5 h5
34. Qe8+ Qxe8 35. Rxe8+ Kg7 36. Ra8 a5 37. Bf2 Nd7 38. Bd4+ Kh6 39. f4 g5 40.
fxg5+ Kxg5 41. Ra7 Nf6 42. Rxf7 Nd5 43. Rb7 Nf4 44. Be3 Kf5 45. Rf7+ Ke4 46.
Bxf4 Kf3 47. Bc7+ 1-0

[Event "Kort Paaske 1 Gruppe 2 2013"]
[Site "Elsinore"]
[Date "2013.03.25"]
[Round "4"]
[White "Pedersen, Ole"]
[Black "Jensen, Vita"]
[Result "1-0"]
[WhiteElo "1584"]
[BlackElo "1500"]
[PlyCount "61"]
[EventDate "2013.??.??"]
[EventType "swiss"]
[EventRounds "5"]
[EventCountry "DEN"]

1. c4 d6 2. Nc3 e5 3. e4 Nf6 4. d3 Nc6 5. h3 Be7 6. Nf3 O-O 7. Be3 Re8 8. Qd2
a5 9. Be2 a4 10. a3 b6 11. Bd1 Ra5 12. Bxa4 Bd7 13. Bc2 Be6 14. O-O Qd7 15. Nd5
Ra6 16. Ng5 Nxd5 17. cxd5 Bxg5 18. Bxg5 Bxh3 19. dxc6 Qg4 20. f3 Qg3 21. Be3
Re6 22. Qf2 Rg6 23. Qxg3 Rxg3 24. Rf2 Rg6 25. Kf1 Ra5 26. gxh3 Rb5 27. b4 d5
28. Ba4 dxe4 29. Bxb5 h5 30. dxe4 h4 31. Rg2 1-0

[Event "Kort Paaske 1 Gruppe 2 2013"]
[Site "Elsinore"]
[Date "2013.03.25"]
[Round "4"]
[White "Jensen, Simon Stibolt"]
[Black "Eiholt, Bjarne"]
[Result "0-1"]
[WhiteElo "1673"]
[BlackElo "1654"]
[PlyCount "59"]
[EventDate "2013.??.??"]
[EventType "swiss"]
[EventRounds "5"]
[EventCountry "DEN"]

1. e4 c6 2. d4 d5 3. exd5 cxd5 4. Bd3 Nc6 5. c3 Nf6 6. Nf3 e6 7. Bg5 Be7 8. Qc2
Bd7 9. Nbd2 Rc8 10. Bxf6 Bxf6 11. Bxh7 Nxd4 12. Nxd4 Bxd4 13. Nf3 Bf6 14. O-O-O
Qa5 15. Qb1 b5 16. a3 Bxc3 17. Bc2 Bf6 18. Rhe1 Rc5 19. Qa2 Qc7 20. b4 Rc3 21.
Rxd5 Bc6 22. Rdd1 Kf8 23. Nd4 Bd5 24. Qb2 Qf4+ 25. Re3 Rc4 26. g3 Qxf2 27. Re2
Qxe2 28. Nxe2 Bxb2+ 29. Kxb2 Rxh2 30. Nd4 0-1

[Event "Kort Paaske 1 Gruppe 2 2013"]
[Site "Elsinore"]
[Date "2013.03.25"]
[Round "4"]
[White "Jensen Lynch, Jonathan"]
[Black "Werner, Jakob"]
[Result "1-0"]
[WhiteElo "1571"]
[BlackElo "1621"]
[PlyCount "57"]
[EventDate "2013.??.??"]
[EventType "swiss"]
[EventRounds "5"]
[EventCountry "DEN"]

1. e4 c6 2. d4 d5 3. e5 Bf5 4. Bd3 Bxd3 5. Qxd3 e6 6. Ne2 Ne7 7. Ng3 Nd7 8. O-O
Ng6 9. f4 Qb6 10. Rf2 c5 11. c3 c4 12. Qc2 O-O-O 13. b3 h5 14. f5 h4 15. Ne2
cxb3 16. axb3 Ne7 17. fxe6 Qxe6 18. Rxa7 h3 19. g3 g6 20. Bg5 Bh6 21. Nf4 Qb6
22. Ra8+ Kc7 23. Bxe7 Bxf4 24. Bd6+ Kc6 25. Rxd8 Qxd8 26. Rxf4 f5 27. c4 Qa5
28. cxd5+ Kb6 29. Bc7+ 1-0

[Event "Kort Paaske 1 Gruppe 2 2013"]
[Site "Elsinore"]
[Date "2013.03.25"]
[Round "4"]
[White "Petersen, Albert Emil Lyng"]
[Black "Ananthan, Arunn"]
[Result "0-1"]
[WhiteElo "1274"]
[BlackElo "1716"]
[PlyCount "56"]
[EventDate "2013.??.??"]
[EventType "swiss"]
[EventRounds "5"]
[EventCountry "DEN"]

1. Nf3 g6 2. g3 Bg7 3. Bg2 d6 4. Nc3 Nc6 5. b3 e5 6. d3 e4 7. Bb2 exf3 8. Bxf3
Bh3 9. Qc1 Qd7 10. Qe3+ Nge7 11. O-O-O O-O-O 12. Nb5 Bxb2+ 13. Kxb2 Kb8 14.
Bxc6 Nxc6 15. d4 d5 16. Qh6 a6 17. Nc3 Be6 18. Na4 b6 19. Qf4 Kb7 20. h4 h5 21.
Rd3 Bf5 22. Rc3 Rhe8 23. Re1 Re4 24. Qg5 Nxd4 25. Qd2 Qe7 26. f3 Rxe2 27. Rxe2
Nxe2 28. Re3 Qf6+ 0-1

[Event "Kort Paaske 1 Gruppe 2 2013"]
[Site "Elsinore"]
[Date "2013.03.25"]
[Round "4"]
[White "Bonde Raad, Mads"]
[Black "Rasmussen, Ole"]
[Result "1-0"]
[WhiteElo "1539"]
[BlackElo "1734"]
[PlyCount "95"]
[EventDate "2013.??.??"]
[EventType "swiss"]
[EventRounds "5"]
[EventCountry "DEN"]

1. e4 c6 2. d4 d5 3. exd5 cxd5 4. c4 Nf6 5. Nf3 e6 6. Nc3 Bb4 7. a3 Bxc3+ 8.
bxc3 Qc7 9. Qd3 dxc4 10. Qxc4 Qxc4 11. Bxc4 a6 12. a4 O-O 13. O-O Bd7 14. Ne5
Rc8 15. Be3 Be8 16. Rfc1 Nbd7 17. Nxd7 Bxd7 18. Bd3 Bc6 19. f3 h6 20. c4 Rd8
21. a5 Rac8 22. Bc2 g5 23. Bb3 Kg7 24. Kf2 g4 25. Rd1 h5 26. Rd2 Rd7 27. Rad1
Rcd8 28. Bg5 Kg6 29. Bxf6 Kxf6 30. d5 exd5 31. cxd5 Bb5 32. Ke3 Re8+ 33. Kf4
Re2 34. Rxe2 Bxe2 35. Re1 gxf3 36. gxf3 Bd3 37. Rd1 Bb5 38. d6 Bc6 39. Bc2 Kg7
40. Be4 Bxe4 41. fxe4 f6 42. h4 Kf7 43. Kf5 Rd8 44. e5 fxe5 45. Kxe5 Re8+ 46.
Kd5 Rd8 47. Rf1+ Ke8 48. Ke6 1-0

[Event "Kort Paaske 1 Gruppe 2 2013"]
[Site "Elsinore"]
[Date "2013.03.25"]
[Round "5"]
[White "Eiholt, Bjarne"]
[Black "Bonde Raad, Mads"]
[Result "1-0"]
[WhiteElo "1654"]
[BlackElo "1539"]
[PlyCount "43"]
[EventDate "2013.??.??"]
[EventType "swiss"]
[EventRounds "5"]
[EventCountry "DEN"]

1. d4 Nf6 2. c4 e6 3. Nc3 Bb4 4. Qc2 O-O 5. Bg5 d5 6. e3 b6 7. cxd5 exd5 8. Bd3
c5 9. Nge2 Nbd7 10. Bxh7+ Kh8 11. Bd3 Qc7 12. Bf4 Qc6 13. O-O Nh5 14. Bg5 c4
15. Bf5 Bd6 16. e4 Nhf6 17. e5 Bxe5 18. dxe5 Nxe5 19. Nd4 Qb7 20. Bxf6 gxf6 21.
Qd2 Bxf5 22. Nxf5 1-0

[Event "Kort Paaske 1 Gruppe 2 2013"]
[Site "Elsinore"]
[Date "2013.03.25"]
[Round "5"]
[White "Jensen, Simon Stibolt"]
[Black "Jensen Lynch, Jonathan"]
[Result "0-1"]
[WhiteElo "1673"]
[BlackElo "1571"]
[PlyCount "72"]
[EventDate "2013.??.??"]
[EventType "swiss"]
[EventRounds "5"]
[EventCountry "DEN"]

1. e4 c5 2. Nf3 Nc6 3. Bb5 a6 4. Bxc6 bxc6 5. O-O g6 6. d4 d5 7. exd5 cxd5 8.
c3 Bg4 9. dxc5 Bxf3 10. Qxf3 e5 11. Re1 e4 12. b4 Bg7 13. Bb2 Ne7 14. Qd1 O-O
15. Na3 Nc6 16. Nc2 Ne5 17. Nd4 Nd3 18. Re2 Qg5 19. Bc1 Qe5 20. Qb3 Qh5 21. Qc2
Be5 22. h3 Rac8 23. a3 f5 24. Re3 f4 25. Rxd3 exd3 26. Qxd3 Bxd4 27. Qxd4 Rce8
28. Bb2 Re4 29. Qd1 f3 30. g3 Rfe8 31. Kh2 Re2 32. Qd4 R8e4 33. Qf6 Rxf2+ 34.
Kg1 Rxb2 35. Qd8+ Kf7 36. g4 f2+ 0-1

[Event "Kort Paaske 1 Gruppe 2 2013"]
[Site "Elsinore"]
[Date "2013.03.25"]
[Round "5"]
[White "Rasmussen, Ole"]
[Black "Ananthan, Arunn"]
[Result "1-0"]
[WhiteElo "1734"]
[BlackElo "1716"]
[PlyCount "49"]
[EventDate "2013.??.??"]
[EventType "swiss"]
[EventRounds "5"]
[EventCountry "DEN"]

1. e4 e6 2. Nf3 d5 3. exd5 exd5 4. Be2 Nf6 5. O-O Bd6 6. d4 h6 7. h3 O-O 8. Be3
c6 9. c4 Bf5 10. Nc3 Nbd7 11. cxd5 Nxd5 12. Nxd5 cxd5 13. Qb3 Nf6 14. Rac1 Re8
15. Rc3 Qd7 16. Bb5 Qe6 17. Bxe8 Bxh3 18. Bxf7+ Kxf7 19. Ne5+ Bxe5 20. dxe5
Bxg2 21. Qxb7+ Kg6 22. exf6 gxf6 23. Bd4 Bxf1 24. Rg3+ Kh5 25. Qxa8 1-0

[Event "Kort Paaske 1 Gruppe 2 2013"]
[Site "Elsinore"]
[Date "2013.03.25"]
[Round "5"]
[White "Werner, Jakob"]
[Black "Petersen, Albert Emil Lyng"]
[Result "1-0"]
[WhiteElo "1621"]
[BlackElo "1274"]
[PlyCount "53"]
[EventDate "2013.??.??"]
[EventType "swiss"]
[EventRounds "5"]
[EventCountry "DEN"]

1. d4 Nf6 2. c4 g6 3. Nc3 d6 4. e4 Bg7 5. f3 Nbd7 6. Be3 O-O 7. Qd2 c5 8. dxc5
dxc5 9. O-O-O b6 10. Nge2 Ba6 11. Ng3 Ne5 12. Qe1 Qc7 13. Nd5 Qb7 14. Bf4 Nc6
15. h4 Nxd5 16. exd5 Nd4 17. h5 Qd7 18. b3 b5 19. h6 Bf6 20. Ne4 Bh8 21. Nxc5
Qf5 22. Qe4 Qf6 23. Rxd4 Qxd4 24. Qxd4 Bxd4 25. Nxa6 bxc4 26. bxc4 f6 27. Nc7
1-0